Politická ekonomie

Guardado en:
Detalles Bibliográficos
Formato: Seriadas
Lenguaje:checo
Publicado: Praha Ekon. ústav ČSAV 1989
Etiquetas: Agregar Etiqueta
Sin Etiquetas, Sea el primero en etiquetar este registro!

MARC

LEADER 00000nas2a2200000 4500
001 s026651
005 20250730114135.9
041 0 |a cze 
044 |a CZ 
245 1 0 |a Politická ekonomie 
264 1 |a Praha  |b Ekon. ústav ČSAV  |c 1989 
300 |a 2 zv. 
773 0 |w eu_un_cat*s120013